LEADER 00649nam0 2200217 450 001 000010986 005 20080512102805.0 100 $a20080512d1945----km-y0itay50------ba 101 2 $aita$afre 102 $aIT 105 $ay-------001-y 200 1 $aSyntaxe Française$eCours supérieur avec un abrégé de grammaire historique 210 $aNapoli$cA. Rondinella$d[1945]$hTip. A. Pansini 215 $a358 p.$d24 cm 676 $a445$v20 700 1$aStriano,$bGiovanni$0620526 801 0$aIT$bUNIPARTHENOPE$c20080512$gRICA$2UNIMARC 912 $a000010986 951 $a445/100$b8210$cNAVA1 996 $aSyntaxe Française$91076532 997 $aUNIPARTHENOPE LEADER 00934nam0 2200277 450 001 000019258 005 20081112183353.0 100 $a20081112d1974----km-y0itay50------ba 101 0 $aita 102 $aIT 105 $ay-------001yy 200 1 $aEconomia e tutela dell'ambiente$epossibilità e problemi di uno sviluppo "pulito"$fEmilio Gerelli 210 $aBologna$cIl Mulino$dc1974 215 $a124 p.$d19 cm 225 2 $aUniversale paperbacks Il mulino 410 0$12001$aUniversale paperbacks Il mulino 500 10$aEconomia e tutela dell'ambiente$932482 610 1 $aEcologia$aAspetti economici 676 $a301.3$v17$9Ambiente umano 676 $a301.3$v18$9Ambiente umano e ecologia generale 700 1$aGerelli,$bEmilio$023531 801 0$aIT$bUNIPARTHENOPE$c20081112$gRICA$2UNIMARC 912 $a000019258 951 $a932/8$b4621$cNAVA2 996 $aEconomia e tutela dell'ambiente$932482 997 $aUNIPARTHENOPE